000 00619nam a2200205Ia 4500
008 131103s9999 xx 000 0 und d
040 _aLoreto College
041 _aEnglish
082 _aB-01/824/BAC
_bLCLIB/EnSem/36312
100 _aBacon, Francis
245 4 _aThe Essays
_cFrancis Bacon; edited with an introduction by John Pitcher
260 _aHarmondsworth
_bPenguin Books
_c1985
300 _a287 p.
_c 20 cm.
440 _aPenguin classics
504 _aIncludes bibliographical references
650 _aEnglish Essays
700 _aPitcher, John, ed.
850 _aLCLIB/EnSem/824/BAC
942 _cBK
999 _c6204
_d56683